Introduction to Biostatistics (Record no. 802)

MARC details
000 -LEADER
fixed length control field 00743pam a2200265 a 4500
001 - CONTROL NUMBER
control field 518034
003 - CONTROL NUMBER IDENTIFIER
control field OSt
005 - DATE AND TIME OF LATEST TRANSACTION
control field 20180924125112.0
008 - FIXED-LENGTH DATA ELEMENTS--GENERAL INFORMATION
fixed length control field 861125s1987 nyua b 001 0 eng
010 ## - LIBRARY OF CONGRESS CONTROL NUMBER
LC control number 86031838
020 ## - INTERNATIONAL STANDARD BOOK NUMBER
International Standard Book Number 0716718057
040 ## - CATALOGING SOURCE
Original cataloging agency DLC
Transcribing agency DLC
Modifying agency DLC
050 00 - LIBRARY OF CONGRESS CALL NUMBER
Classification number QH323.5
Item number .S633 1987
082 00 - DEWEY DECIMAL CLASSIFICATION NUMBER
Classification number 574.072 SOK 1987
Edition number 19
100 1# - MAIN ENTRY--PERSONAL NAME
Personal name Sokal, Robert R.; Rohlf, James F.
9 (RLIN) 2155
245 10 - TITLE STATEMENT
Title Introduction to Biostatistics
250 ## - EDITION STATEMENT
Edition statement 2nd ed.
260 ## - PUBLICATION, DISTRIBUTION, ETC. (IMPRINT)
Place of publication, distribution, etc. New York :
Name of publisher, distributor, etc. Freeman,
Date of publication, distribution, etc. c1987.
300 ## - PHYSICAL DESCRIPTION
Extent xii, 363 p. :
Other physical details ill. ;
Dimensions 24 cm.
504 ## - BIBLIOGRAPHY, ETC. NOTE
Bibliography, etc Includes index, & bibliography
650 #0 - SUBJECT ADDED ENTRY--TOPICAL TERM
Topical term or geographic name as entry element Biometry.
9 (RLIN) 1390
650 #0 - SUBJECT ADDED ENTRY--TOPICAL TERM
Topical term or geographic name as entry element Biostatistics
9 (RLIN) 2250
906 ## - LOCAL DATA ELEMENT F, LDF (RLIN)
a 7
b cbc
c orignew
d 1
e ocip
f 19
g y-gencatlg
942 ## - ADDED ENTRY ELEMENTS (KOHA)
Source of classification or shelving scheme Other/Generic Classification Scheme
Koha item type Short Loan
Holdings
Withdrawn status Lost status Source of classification or shelving scheme Damaged status Not for loan Home library Current library Date acquired Source of acquisition Inventory number Total Checkouts Full call number Barcode Date last seen Price effective from Koha item type
    Other/Generic Classification Scheme     MUST Main Library MUST Main Library 03/12/2014   2003/19721   574.072 SOK 1987 2014-3431 03/12/2014 03/12/2014 Short Loan
    Dewey Decimal Classification     MUST Main Library MUST Main Library 23/08/2021 Purchase 04/20911   574.072 SOK 1987 2021-0680 23/08/2021 23/08/2021 Open Shelf
    Other/Generic Classification Scheme     Main Kihumuro Campus Main Kihumuro Campus 03/12/2014   2003/19722   574.072 SOK 1987 2014-3432 03/12/2014 03/12/2014 Short Loan